Career Development and Systems Theory Connecting Theory and Practice /

Career Development and Systems Theory: Connecting Theory and Practice offers practitioners, researchers and students a comprehensive introduction to, and overview of, career theory; introduces the Systems Theory Framework of career development; and demonstrates its considerable contemporary and inno...

Πλήρης περιγραφή

Λεπτομέρειες βιβλιογραφικής εγγραφής
Κύριοι συγγραφείς: Patton, Wendy (Συγγραφέας), McMahon, Mary (Συγγραφέας)
Συγγραφή απο Οργανισμό/Αρχή: SpringerLink (Online service)
Μορφή: Ηλεκτρονική πηγή Ηλ. βιβλίο
Γλώσσα:English
Έκδοση: Rotterdam : SensePublishers : Imprint: SensePublishers, 2014.
Σειρά:Career Development Series, Connecting Theory and Practice ; 2
Θέματα:
Διαθέσιμο Online:Full Text via HEAL-Link
LEADER 03147nam a22004095i 4500
001 978-94-6209-635-6
003 DE-He213
005 20151204164346.0
007 cr nn 008mamaa
008 140512s2014 ne | s |||| 0|eng d
020 |a 9789462096356  |9 978-94-6209-635-6 
024 7 |a 10.1007/978-94-6209-635-6  |2 doi 
040 |d GrThAP 
050 4 |a L1-991 
072 7 |a JN  |2 bicssc 
072 7 |a EDU000000  |2 bisacsh 
082 0 4 |a 370  |2 23 
100 1 |a Patton, Wendy.  |e author. 
245 1 0 |a Career Development and Systems Theory  |h [electronic resource] :  |b Connecting Theory and Practice /  |c by Wendy Patton, Mary McMahon. 
264 1 |a Rotterdam :  |b SensePublishers :  |b Imprint: SensePublishers,  |c 2014. 
300 |a XXII, 476 p. 5 illus. in color.  |b online resource. 
336 |a text  |b txt  |2 rdacontent 
337 |a computer  |b c  |2 rdamedia 
338 |a online resource  |b cr  |2 rdacarrier 
347 |a text file  |b PDF  |2 rda 
490 1 |a Career Development Series, Connecting Theory and Practice ;  |v 2 
520 |a Career Development and Systems Theory: Connecting Theory and Practice offers practitioners, researchers and students a comprehensive introduction to, and overview of, career theory; introduces the Systems Theory Framework of career development; and demonstrates its considerable contemporary and innovative application to practice. A number of authors have identified the framework as one of a small number of significant innovations in the career development literature. The Systems Theory Framework of career development was developed to provide coherence to the career development field by providing a comprehensive conceptualisation of the many existing theories and concepts relevant to understanding career development. It is not designed to be a theory of career development; rather systems theory is introduced as the basis for an overarching, or metatheoretical, framework within which all concepts of career development, described in the plethora of career theories, can be usefully positioned and utilised in both theory and practice. It has been applied to the career development of children, adolescents and women. Since its first publication, the Systems Theory Framework has been the basis of numerous publications focusing on theoretical application and integration, practice and research, with a growing number of these by authors other than the framework developers. Its application across cultures also has been emphasised. The theoretical and practical unity of the Systems Theory Framework makes this book a worthy addition to the professional libraries of practitioners, researchers and students, new to, or experienced in, the field of career development. 
650 0 |a Education. 
650 1 4 |a Education. 
650 2 4 |a Education, general. 
700 1 |a McMahon, Mary.  |e author. 
710 2 |a SpringerLink (Online service) 
773 0 |t Springer eBooks 
830 0 |a Career Development Series, Connecting Theory and Practice ;  |v 2 
856 4 0 |u http://dx.doi.org/10.1007/978-94-6209-635-6  |z Full Text via HEAL-Link 
912 |a ZDB-2-SHU 
950 |a Humanities, Social Sciences and Law (Springer-11648)